00305nam a2200121Ia 4500003000400000005001700004008004100021020001700062040002000079100001900099245004100118260002400159OSt20240108101320.0170524s9999 xx 000 0 und d a978817965116 cIIMT UNIVERSITY aSHARMA- SATISH 0aELECTRONIC MEDIA AND STING OPERATION bN DELHI TAKSHSHILA